|
|
|
|
| LEADER |
00956cam a2200301 7i4500 |
| 001 |
0000067980 |
| 005 |
20200206090000.0 |
| 005 |
##20200206102400.0 |
| 003 |
##MY-KlINT |
| 008 |
190315t20162012xxk e 001 0 eng d |
| 020 |
# |
# |
|a 9781848319547
|
| 039 |
# |
9 |
|a 202002061024
|b Zuraidah
|c 201903151604
|d Shela
|c 201903151604
|d Shela
|y 201903151602
|z Shela
|
| 040 |
# |
# |
|a SRWK
|
| 082 |
0 |
0 |
|a 158.12
|
| 090 |
0 |
0 |
|a 158.12
|b WAT
|
| 100 |
1 |
# |
|a Watt, Tessa
|e author
|
| 245 |
1 |
0 |
|a MINDFULNESS :
|b YOUR STEP BY STEP GUIDE TO A HAPPIER LIFE /
|c TESSA WATT.
|
| 250 |
# |
# |
|a Previous Edition: 2012.
|
| 264 |
# |
0 |
|c ♭2012
|
| 264 |
# |
0 |
|a London
|b Icon Books
|c 2016
|
| 300 |
# |
# |
|a xviii, 406 pages:
|b illustrations;
|c 26cm.
|
| 336 |
# |
# |
|a text
|2 rdacontent
|
| 337 |
# |
# |
|a unmediated
|2 rdamedia
|
| 338 |
# |
# |
|a volume
|2 rdacarrier
|
| 500 |
# |
# |
|a Originally published: 2012
|
| 504 |
# |
# |
|a Includes bibliographical references and index
|
| 583 |
# |
# |
|a LULUS
|
| 650 |
# |
0 |
|a Mindfulness (Psychology)
|